Konstrukční nauka: Obecní model při konstruování /
Salvato in:
| Autore principale: | |
|---|---|
| Natura: | Libro |
| Lingua: | ceco |
| Pubblicazione: |
Praha :
Kooservi,
1991
|
| Soggetti: | |
| Tags: |
Nessun Tag, puoi essere il primo ad aggiungerne!!
|
MARC
| LEADER | 00000nam a22000003a 4500 | ||
|---|---|---|---|
| 001 | stu31993 | ||
| 005 | 20150617225732.1 | ||
| 008 | 950221s1991----cs------------------cze-d | ||
| 020 | |a 80-901135-0-8 | ||
| 040 | |a STU |b slo | ||
| 041 | 0 | |a cze | |
| 044 | |a cs | ||
| 080 | |a 62.001.66 | ||
| 100 | 1 | |a Hubka, Vladimír |4 aut | |
| 245 | 1 | |a Konstrukční nauka: Obecní model při konstruování / |c [aut.] Hubka,Vladimír | |
| 260 | |a Praha : |b Kooservi, |c 1991 | ||
| 300 | |a 104 s | ||
| 650 | 7 | |a konštruovanie |2 stusub | |
| 996 | |b 284J011900 |c J*88591 |l JJSK |s A |a 24 |w stu31993_0001 | ||
| 996 | |b 284J011901 |c J*88592 |l JJSK |s A |a 24 |w stu31993_0002 | ||
| 996 | |b J88146 |c J*88146 |l JJK3 |s P |a 0 |w stu31993_0004 | ||
| 996 | |b 284J011899 |c J*88590 |l JJSK |s A |a 24 |w stu31993_0005 | ||
| 996 | |b J88592 |c J*88592 |l JJSK |s A |a 24 |w stu31993_0006 | ||
| 996 | |b J88593 |c J*88593 |l JJSK |s A |a 24 |w stu31993_0007 | ||
| 996 | |b J88591 |c J*88591 |l JJSK |s A |a 24 |w stu31993_0008 | ||